000 00901cab a2200253 4500
001 ABS56149
008 090401t1996 xxu||||| |||| 00| 0 eng d
035 _a(Sirsi) u21588
041 _aeng
100 _aAtkinson, J.
245 _aBoom and bust before 2000?
260 _c1996
350 _a0
490 _aContract Journal
_v386(6100) 7 November 1996, 22-23(2)
520 _aInvestigates the possibility that the construction industry will be sent into overdrive if lottery projects start to come through at the same time as the logjam on large PFI projects breaks. Table of funding results to October 1996. Lists awards for larger capital projects.
650 _aCONSTRUCTION INDUSTRY
650 _aLOTTERY FUNDS
650 _aPFI
650 _aPRIVATE FINANCE INITIATIVE
690 _aBUILT ENVIRONMENT
690 _aFINANCE AND INVESTMENT
942 _n0
948 _c04/03/1997
999 _c14487
_d14487